000 00673nam a22002297a 4500
999 _c14547
_d14547
003 MIRAKIL
005 20211014170336.0
008 211014b tu ||||| |||| 00| 0 tur d
020 _a9789751403445
040 _aTR-AnCHP
_cTR-AnCHP
041 _atur
082 _a822.33
_bS32b 2002
100 1 _aShakespeare, William
_d1564-1616
245 1 0 _aBir yaz gecesi rüyası /
_cShakespeare ; Türkçesi: Bülent Bozkurt.
250 _a5 bs.
260 _aİstanbul:
_bRemzi Kitabevi,
_c2002.
300 _a119 s.:
_c20 sm.
504 _aKaynakça vardır.
650 0 _95124
_aİngiliz edebiyatı
_xTiyatro
700 _96765
_aBozkurt, Bülent
_eçev.
942 _2ddc
_cBKS